Alfonso Reyes en tres tiempos /

Guardado en:
Autor Principal: Rangel Guerra, Alfonso.
Formato: Libro
Idioma:Spanish
Publicado: Monterrey : Agenl, 1991.
Series:Cuadernos del archivo, 58
Materias:
Etiquetas: Agregar Etiqueta
Sin Etiquetas, Sea el primero en etiquetar este registro!
LEADER 00498nam a22001695a 4500
001 EUN.um053497
003 AR-BaUNS
005 20050623122919.0
008 041125s1991####xx############000#0#spa#d
245 1 0 |a Alfonso Reyes en tres tiempos /  |c Alfonso Rangel Guerra. 
260 |a Monterrey :  |b Agenl,  |c 1991. 
300 |a 134 p. 
490 0 |a Cuadernos del archivo, 58 
100 1 |a Rangel Guerra, Alfonso. 
082 0 4 |a 928 
653 |a Reyes, Alfonso 
859 |a Ar-BaUNS  |b BIB. CENTRAL - Sector C  |h 928  |i R331r  |p 99678/991